Foreign relations of the United States : The lansing papers 1914-1920
Αποθηκεύτηκε σε:
| Μορφή: | Βιβλίο |
|---|---|
| Γλώσσα: | Undetermined |
| Έκδοση: |
Washington
Goverment Printing Office
1940
|
| Ετικέτες: |
Προσθήκη ετικέτας
Δεν υπάρχουν, Καταχωρήστε ετικέτα πρώτοι!
|
| Thư viện lưu trữ: | Trung tâm Học liệu Trường Đại học Cần Thơ |
|---|
| LEADER | 00426nam a2200145Ia 4500 | ||
|---|---|---|---|
| 001 | CTU_77566 | ||
| 008 | 210402s9999 xx 000 0 und d | ||
| 082 | |a 327.73 | ||
| 082 | |b F714/Vol.2 | ||
| 245 | 0 | |a Foreign relations of the United States : | |
| 245 | 4 | |b The lansing papers 1914-1920 | |
| 260 | |a Washington | ||
| 260 | |b Goverment Printing Office | ||
| 260 | |c 1940 | ||
| 980 | |a Trung tâm Học liệu Trường Đại học Cần Thơ | ||